Unarmed into battle : (Record no. 92501)

MARC details
000 -LEADER
fixed length control field 01101nam a22002777a 4500
005 - DATE AND TIME OF LATEST TRANSACTION
control field 20230725111136.0
010 ## - LCCN (DPL NO)
LC control number ENG-112505 ENG-137569
020 ## - INTERNATIONAL STANDARD BOOK NUMBER
International Standard Book Number 9789380502861
Terms of availability 695.00
035 ## - SYSTEM CONTROL NUMBER
System control number EN-96037 EN-121101
037 ## - SOURCE OF ACQUISITION
Source of stock number/acquisition DBAD/PUB
082 ## - DEWEY DECIMAL CLASSIFICATION NUMBER
Classification number 358.450954
100 ## - MAIN ENTRY--PERSONAL NAME
Personal name Atma Singh
245 ## - TITLE STATEMENT
Title Unarmed into battle :
Statement of responsibility, etc by Atma Singh
Remainder of title story of air observation 1794-1986 /
260 ## - PUBLICATION, DISTRIBUTION, ETC. (IMPRINT)
Place of publication, distribution, etc New Delhi
Name of publisher, distributor, etc KW Publishers
Date of publication, distribution, etc 2012
270 ## - ADDRESS
Address 4676/21, First Floor, Ansari Road, Daryaganj
City New Delhi
Postal code 110002
300 ## - PHYSICAL DESCRIPTION
Extent x,140,[1]p.:
Dimensions 23cm(pbk)
Other physical details ill.,maps
500 ## - GENERAL NOTE
General note "Errata" [1] leaf inserted.
500 ## - GENERAL NOTE
General note Includes bibliographical references (p. [141]).
650 ## - SUBJECT ADDED ENTRY--TOPICAL TERM
Topical term or geographic name as entry element Aerial observation (Military science)
Geographic subdivision India
General subdivision History.
650 ## - SUBJECT ADDED ENTRY--TOPICAL TERM
Topical term or geographic name as entry element Aerial observation (Military science)
Geographic subdivision United States
General subdivision History.
650 ## - SUBJECT ADDED ENTRY--TOPICAL TERM
Topical term or geographic name as entry element World War, 1914-1918
General subdivision Aerial operations.
650 ## - SUBJECT ADDED ENTRY--TOPICAL TERM
Topical term or geographic name as entry element World War, 1939-1945
General subdivision Aerial operations.
650 ## - SUBJECT ADDED ENTRY--TOPICAL TERM
Topical term or geographic name as entry element Air pilots, Military
Geographic subdivision India.
710 ## - ADDED ENTRY--CORPORATE NAME
Corporate name or jurisdiction name as entry element Centre for Land Warfare Studies (New Delhi, India)
942 ## - ADDED ENTRY ELEMENTS (KOHA)
Source of classification or shelving scheme Dewey Decimal Classification
Item type English Books
Call number suffix ATM
Classification part 358.450954
Holdings
Withdrawn status Lost status Not for loan Collection code Home library Current library Date acquired Source of acquisition Cost, normal purchase price Full call number Barcode Copy number Cost, replacement price Koha item type
    Not For Loan Non-fiction D.B.Act.Division D.B.Act.Division 25/03/2015 DBAD/PUB 395.00 358.450954 ATM EN-96037 1 395.00 English Books
      Non-fiction Shahdara Branch Shahdara Branch 25/07/2023 DBAD/PUB 695.00 358.450954 ATM EN[-121101 1 695.00 English Books

© Delhi Public Library
Hit Counter
free hit counter